<?xml version="1.0" encoding="UTF-8"?>
<marc:record xmlns:marc="http://www.loc.gov/MARC21/slim">
   <marc:leader>00000nam a2200000 a 4500</marc:leader>
   <marc:datafield ind1="1" ind2=" " tag="100">
      <marc:subfield code="a">Girtler, Roland</marc:subfield>
      <marc:subfield code="4">aut</marc:subfield>
      <marc:subfield code="e">Verfasser/-in</marc:subfield>
   </marc:datafield>
   <marc:datafield ind1=" " ind2=" " tag="653">
      <marc:subfield code="a">Comic</marc:subfield>
   </marc:datafield>
   <marc:datafield ind1=" " ind2=" " tag="653">
      <marc:subfield code="a">Vortrag</marc:subfield>
   </marc:datafield>
   <marc:datafield ind1=" " ind2=" " tag="653">
      <marc:subfield code="a">CD-Hörbuch</marc:subfield>
   </marc:datafield>
   <marc:datafield ind1=" " ind2=" " tag="653">
      <marc:subfield code="a">Live-Mitschnitt</marc:subfield>
   </marc:datafield>
   <marc:datafield ind1=" " ind2=" " tag="653">
      <marc:subfield code="a">Soziologie</marc:subfield>
   </marc:datafield>
   <marc:datafield ind1=" " ind2=" " tag="653">
      <marc:subfield code="a">Donald Duck</marc:subfield>
   </marc:datafield>
   <marc:datafield ind1=" " ind2=" " tag="653">
      <marc:subfield code="a">Dagobert Duck</marc:subfield>
   </marc:datafield>
   <marc:datafield ind1="0" ind2="0" tag="245">
      <marc:subfield code="a">Soziologie der Familie Duck</marc:subfield>
   </marc:datafield>
   <marc:datafield ind1=" " ind2="1" tag="264">
      <marc:subfield code="a">Wien</marc:subfield>
      <marc:subfield code="b">astormedia</marc:subfield>
      <marc:subfield code="c">2008</marc:subfield>
   </marc:datafield>
   <marc:datafield ind1="1" ind2=" " tag="520">
      <marc:subfield code="a">Durch Generationen hindurch waren die Comics von Walt Disney spannende Lektüre von Jugendlichen und Junggebliebenen. Trivialliteratur wurde salonfähig und fand weltweit nicht nur immer mehr Leser sondern auch Gelehrte, die sich dieses Themas wissenschaftlich annahmen. Besonders die Sippen um Mickey Mouse und Donald Duck waren die meistgelesenen Periodika seit mehr als 70 Jahren. Zahlreiche Eigenschaften und Eigenheiten aus dem täglichen Leben wurden in die Bewohner von Entenhausen projiziert und subtil den jeweiligen Charakteren zugeteilt. Biedermänner, Glückspilze, Pechvögel, Schlaumeier, Ganoven, Betuchte, und Bauern wie Städter finden sich dort wider. Mit einem Augenzwinkern erfreuen wir uns an den von Erika Fuchs übersetzten und von Carl Barks gezeichneten Donald-Duck-Geschichten und erkennen unschwer Ähnlichkeiten aus unserer eigenen Umgebung. Prof. Dr. Roland Girtler, Universitätsprofessor, Soziologe, vagabundierender Kulturwissenschafter und Kolumnist, zeigt die komplizierte Beziehung der Familie Duck auf und interpretiert deren Buntheit. *Audiamo*</marc:subfield>
   </marc:datafield>
   <marc:datafield ind1=" " ind2=" " tag="041">
      <marc:subfield code="a">ger</marc:subfield>
   </marc:datafield>
</marc:record>
